[Event "EYg12"]
[Site "Herceg Novi MNE"]
[Date "2008.09.18"]
[Round "4"]
[White "Serefidou,D"]
[Black "Bellaiche,E"]
[Result "0-1"]
[WhiteElo "1525"]
[BlackElo "1769"]

1.e4 e6 2.d4 d5 3.Nc3 Nf6 4.e5 Nfd7 5.f4 c5 6.Nf3 a6 7.Be3 Qb6 8.Na4 Qa5+
9.c3 cxd4 10.Nxd4 b5 11.b4 Qxa4 12.Qc1 Nb6 13.Be2 Nc4 14.Bd2 a5 15.Bd1 Qa3
16.Nxb5 Qxc1 17.Rxc1 Kd8 18.Bb3 Bd7 19.Nd6 Nxd6 20.exd6 Bxd6 21.bxa5 Nc6
22.c4 dxc4 23.Rxc4 Nxa5 24.Rd4 Nxb3 25.axb3  0-1

[Event "Open"]
[Site "Yuzhny UKR"]
[Date "2008.09.21"]
[Round "3"]
[White "Solodovnichenko,Y"]
[Black "Golovlev,N"]
[Result "1-0"]
[WhiteElo "2541"]
[BlackElo "2332"]

1.e4 e6 2.d4 d5 3.Nc3 Nf6 4.e5 Nfd7 5.f4 c5 6.Nf3 Nc6 7.Be3 a6 8.Qd2 b5 9.a3 g5
10.fxg5 cxd4 11.Nxd4 Ncxe5 12.Nf3 Bg7 13.Nxe5 Nxe5 14.O-O-O Nc6 15.Be2 O-O
16.Bc5 Rb8 17.Qf4 e5 18.Qg3 Nd4 19.Rxd4 exd4 20.Bxf8 Bxf8 21.Nxd5 Qxd5 22.Qxb8 Be6
23.Rd1 Qa2 24.Rxd4 Qa1+ 25.Kd2 Qxb2 26.Rd8 Qxa3 27.Bd3 Qc5 28.Qf4 b4 29.Ke2 Kg7
30.Qh4 Qe5+ 31.Be4 Bc4+ 32.Kf3 Qc3+ 33.Rd3  1-0

[Event "EYg12"]
[Site "Herceg Novi MNE"]
[Date "2008.09.23"]
[Round "8"]
[White "Osmanodja,F"]
[Black "Fataliyeva,U"]
[Result "1-0"]
[WhiteElo "1936"]
[BlackElo "2000"]

1.e4 e6 2.d4 d5 3.Nc3 Nf6 4.e5 Nfd7 5.f4 c5 6.Nf3 Nc6 7.Be3 a6 8.Qd2 b5 9.dxc5 Bxc5
10.Nd4 Qb6 11.Rd1 O-O 12.Be2 Kh8 13.O-O f6 14.exf6 Nxf6 15.Bf2 Bd7 16.Nxc6 Bxf2+
17.Rxf2 Bxc6 18.Qd4 Qb7 19.a3 a5 20.Bf3 b4 21.axb4 axb4 22.Ne2 Nd7 23.Qe3 Rfe8
24.Nd4 Nc5 25.Re2 Na4 26.Rb1 Bd7 27.Bg4 Nc5 28.Bh5 Rf8 29.Bg4 Rf6 30.g3 Ne4
31.Bf3 Nd6 32.Qd3 Nc4 33.Qxc4 Qb6 34.Qd3 Rb8 35.Kg2 Rc8 36.Ra1 Qc7 37.Qe3 Re8
38.Bxd5 Qd6 39.Bf3 Rh6 40.Qe5  1-0

[Event "17th CRO-chT 1a"]
[Site "Sibenik CRO"]
[Date "2008.09.28"]
[Round "2"]
[White "Zelcic,R"]
[Black "Kovacevic,Vlat"]
[Result "1-0"]
[WhiteElo "2593"]
[BlackElo "2508"]

1.e4 e6 2.d4 d5 3.Nc3 Nf6 4.e5 Nfd7 5.f4 c5 6.Nf3 Nc6 7.Be3 a6 8.Qd2 b5 9.Nd1 b4
10.Be2 Qb6 11.c3 a5 12.c4 cxd4 13.Nxd4 Nxd4 14.Bxd4 Bc5 15.Bxc5 Nxc5 16.cxd5 exd5
17.Qd4 Bb7 18.Ne3 O-O 19.Rc1 Rac8 20.O-O Na4 21.Qxb6 Nxb6 22.Nf5 Rxc1 23.Rxc1 Na4
24.Nd6 Ba8 25.f5  1-0

[Event "Zvenigorodskaya Open A"]
[Site "Zvenigorod RUS"]
[Date "2008.09.28"]
[Round "6"]
[White "Danin,A"]
[Black "Vasilevich,I"]
[Result "1-0"]
[WhiteElo "2469"]
[BlackElo "2354"]

1.e4 e6 2.d4 d5 3.Nc3 Nf6 4.e5 Nfd7 5.f4 c5 6.Nf3 Nc6 7.Be3 Be7 8.Qd2 O-O
9.Be2 a6 10.O-O b5 11.a3 Bb7 12.Kh1 Qc7 13.Rad1 Rac8 14.dxc5 Bxc5 15.Nd4 b4
16.axb4 Bxb4 17.Nxc6 Qxc6 18.Bd4 Nc5 19.Qe3 Ne4 20.Nxe4 dxe4 21.c3 Be7 22.b4 Rfd8
23.f5 exf5 24.Rxf5 Rf8 25.Rdf1 Ra8 26.Qf4 Qd5 27.e6 Qxe6 28.Re5 Qd7 29.Bc4 Kh8
30.Bxf7 Bf6 31.Bb3 Rg8 32.Rh5 Bxd4 33.Bxg8 Kxg8 34.cxd4 e3 35.Re5 h6 36.Qxe3 Qg4
37.Qf2 Bc6 38.d5 Bb5 39.Qf4 Qg6 40.Rfe1 Rf8 41.Qg3 Qd6 42.Rf5 Qxb4 43.Rxf8+ Qxf8
44.d6 a5 45.Qb3+  1-0

[Event "17th CRO-chT 1a"]
[Site "Sibenik CRO"]
[Date "2008.09.29"]
[Round "3"]
[White "Palac,M"]
[Black "Kuljasevic,D"]
[Result "1/2-1/2"]
[WhiteElo "2587"]
[BlackElo "2501"]

1.e4 e6 2.d4 d5 3.Nc3 Nf6 4.e5 Nfd7 5.f4 c5 6.Nf3 Nc6 7.Be3 Be7 8.Qd2 O-O
9.Be2 a6 10.O-O b5 11.a3 Qb6 12.Rad1 Bb7 13.Qe1 cxd4 14.Nxd4 Bc5 15.Qf2 f6
16.exf6 Rxf6 17.Bg4 Nxd4 18.Bxd4 Bxd4 19.Qxd4 Rc8 20.Rfe1 Kf7 21.g3 Rc4 22.Qxb6 Nxb6
23.Be2 Rc7 24.Rd4 Bc8 25.Bd3 Bd7 26.Nd1 Kg8 27.c3 Rf8 28.Nf2 Na4 29.Re2 Be8
30.Bb1 a5 31.h3 Bf7 32.Ba2  1/2-1/2

[Event "17th CRO-chT 1a"]
[Site "Sibenik CRO"]
[Date "2008.09.30"]
[Round "4"]
[White "Rogulj,B"]
[Black "Dizdar,G"]
[Result "1/2-1/2"]
[WhiteElo "2410"]
[BlackElo "2551"]

1.e4 e6 2.d4 d5 3.Nc3 Nf6 4.e5 Nfd7 5.f4 c5 6.Nf3 Nc6 7.Be3 Be7 8.Qd2 O-O
9.Be2 a6 10.O-O b5 11.a3 Qb6 12.Rad1 Bb7 13.Qe1 f6 14.exf6 Nxf6 15.Kh1 cxd4
16.Nxd4 Bc5 17.Qd2 Rad8 18.Bg1 Bxd4 19.Bxd4 Nxd4 20.Qxd4 Qxd4 21.Rxd4 Ne4
22.Nxe4 dxe4 23.Rxd8 Rxd8 24.Rd1 Rxd1+  1/2-1/2

[Event "Zvenigorodskaya Open A"]
[Site "Zvenigorod RUS"]
[Date "2008.09.30"]
[Round "9"]
[White "Shaposhnikov,E"]
[Black "Danin,A"]
[Result "1-0"]
[WhiteElo "2558"]
[BlackElo "2469"]

1.e4 e6 2.d4 d5 3.Nc3 Nf6 4.e5 Nfd7 5.f4 c5 6.Nf3 Nc6 7.Be3 cxd4 8.Nxd4 Bc5
9.Qd2 O-O 10.g3 a6 11.Bg2 Nxd4 12.Bxd4 b5 13.Ne2 a5 14.a3 Qc7 15.O-O Nb6
16.b4 Nc4 17.Qc3 Bb6 18.Bxb6 Qxb6+ 19.Qd4 Bd7 20.Qxb6 Nxb6 21.Nd4 Rfc8 22.Rfd1 Rc3
23.Bf1 Nc4 24.Rdc1 Kf8 25.Bd3 Rc8 26.Kf2 Rxa3 27.Rxa3 Nxa3 28.bxa5 Ra8 29.Nb3 b4
30.Ra1 Rc8 31.Nd4 Ke7 32.a6 Rc7 33.Ra2 Bc8 34.Rb2 Nc4 35.a7  1-0

[Event "Zvenigorodskaya Open A"]
[Site "Zvenigorod RUS"]
[Date "2008.09.30"]
[Round "9"]
[White "Kokarev,Dm"]
[Black "Vysochin,S"]
[Result "1-0"]
[WhiteElo "2582"]
[BlackElo "2514"]

1.e4 e6 2.d4 d5 3.Nc3 Nf6 4.e5 Nfd7 5.f4 c5 6.Nf3 Nc6 7.Be3 a6 8.Qd2 b5 9.a3 g5
10.fxg5 cxd4 11.Nxd4 Ncxe5 12.Nf3 Bg7 13.Nxe5 Nxe5 14.O-O-O O-O 15.Ne4 Bb7
16.Nf6+ Bxf6 17.gxf6 Qxf6 18.Bd4 Qg7 19.g4 Rfc8 20.Be2 Rc4 21.Bxc4 Nxc4 22.Bxg7 Nxd2
23.Rxd2 Kxg7 24.Rf1 Rc8 25.c3 Rc7 26.g5 a5 27.Rc2 Bc6 28.Rf4 Bd7 29.Re2 Rc8
30.Kd2 Kf8 31.Ref2 Be8 32.Rf6 Kg7 33.R2f4 Rc7 34.Rh4 Rc4 35.Rfh6 Rxh4 36.Rxh4 Kg6
37.b4 axb4 38.axb4 e5 39.Rh6+ Kxg5 40.Rxh7 Kf4 41.Rh4+ Kf3 42.Rh6 Kf4 43.Rf6+ Kg5
44.Rd6 Kf4 45.Rd8 Bc6 46.h4 Kg4 47.Rd6 Ba8 48.Ra6 Bb7 49.Ra7 Bc6 50.Rxf7 Kxh4
51.Re7 e4 52.Rg7 Be8 53.Ke3 Bh5 54.Kf4 Be2 55.Rh7+ Bh5 56.Rh8  1-0

[Event "1st WMSG Blitz Ind"]
[Site "Beijing CHN"]
[Date "2008.10.04"]
[Round "6"]
[White "Socko,B"]
[Black "Bartel,Mat"]
[Result "1-0"]
[WhiteElo "2631"]
[BlackElo "2602"]

1.e4 e6 2.d4 d5 3.Nc3 Nf6 4.e5 Nfd7 5.f4 c5 6.Nf3 Nc6 7.Be3 Be7 8.Ne2 b5
9.g4 f6 10.c3 O-O 11.Bg2 fxe5 12.dxe5 b4 13.O-O Ba6 14.Re1 Rb8 15.Ng3 bxc3
16.bxc3 Qa5 17.Bd2 Bd3 18.c4 Qa6 19.cxd5 exd5 20.f5 c4 21.Kh1 d4 22.Bf4 Rb2
23.Ne4 Bxe4 24.Rxe4 Nc5 25.Rxd4 Nxd4 26.Qxd4 Nd3 27.Ne1 Rd8 28.Bd5+ Kh8 29.Nxd3 Rb5
30.Qxc4 Rdxd5 31.Rc1 Rd8 32.g5 Bf8 33.f6 Qb7+ 34.Kg1 Rbd5 35.Nf2 Rc5 36.Qf1 Qf3
37.Bg3 Qe3 38.Re1 Qxg5 39.Ne4 Qg6 40.Nxc5 Bxc5+ 41.Kh1 gxf6 42.exf6 Qf7 43.Qf3 Bf8
44.Be5 Rd2 45.Rg1 Rxa2 46.Rg7 Qe6 47.f7  1-0

[Event "1st WMSG Blitz Ind KO"]
[Site "Beijing CHN"]
[Date "2008.10.05"]
[Round "2.1"]
[White "Kravtsiv,M"]
[Black "Drozdovskij,Y"]
[Result "1-0"]
[WhiteElo "2549"]
[BlackElo "2587"]

1.e4 e6 2.d4 d5 3.Nc3 Nf6 4.e5 Nfd7 5.f4 c5 6.Nf3 Nc6 7.Be3 a6 8.Qd2 b5 9.dxc5 Bxc5
10.Bxc5 Nxc5 11.Qf2 Qb6 12.Bd3 b4 13.Ne2 a5 14.O-O Na4 15.Qxb6 Nxb6 16.Ned4 Nxd4
17.Nxd4 Bd7 18.a3 O-O 19.axb4 axb4 20.b3 Rfc8 21.Kf2 Kf8 22.Ke3 Ke7 23.Ne2 Be8
24.Kd4 Nd7 25.f5 h6 26.Nf4 Nf8 27.g4 Bd7 28.Nh5 g6 29.Nf4 Be8 30.h4 gxf5
31.gxf5 f6 32.Rxa8 fxe5+ 33.Kxe5 Nd7+ 34.Kd4 e5+ 35.Kxd5 Rxa8 36.Ng6+ Kf6
37.h5 Rc8 38.Ra1 Nb6+ 39.Ke4 Bc6+ 40.Ke3 Nd5+ 41.Kd2 Nc3 42.Ra7 e4 43.Bc4 Kxf5
44.Ne7+ Kf4 45.Nxc8 e3+ 46.Ke1 Ne4 47.Rf7+ Ke5 48.Re7+ Kd4 49.Bd3 Ng5 50.Nd6 Nf3+
51.Kd1 Ng5 52.Nf5+ Kd5  1-0

[Event "TCh-BEL 2008-9"]
[Site "Belgium BEL"]
[Date "2008.10.05"]
[Round "1"]
[White "Akhayan,R"]
[Black "Meessen,R"]
[Result "0-1"]
[WhiteElo "2262"]
[BlackElo "2303"]

1.e4 e6 2.d4 d5 3.Nc3 Nf6 4.e5 Nfd7 5.f4 c5 6.Nf3 Nc6 7.Be3 cxd4 8.Nxd4 Bc5
9.Qd2 O-O 10.O-O-O a6 11.h4 Nxd4 12.Bxd4 b5 13.Rh3 b4 14.Na4 Bxd4 15.Qxd4 a5
16.Bb5 Rb8 17.Bd3 f6 18.Re1 fxe5 19.fxe5 Bb7 20.Rg3 Bc6 21.Qg4 Qe7 22.Qh5 g6
23.Bxg6 Kh8 24.b3 Bxa4 25.bxa4 Nc5 26.Rf3 Rxf3 27.gxf3 Rg8 28.Rg1 Rg7 29.Rg5 Nxa4
30.Bd3 Nc5 31.Rxg7 Nxd3+ 32.cxd3 Kxg7 33.Qg4+ Kf7 34.Qf4+ Ke8 35.Qd4 Qg7
36.Kb1 Qg3 37.Qc5 Qxe5 38.Qc8+ Kf7 39.Qd7+ Kg6 40.Qe8+ Kh6 41.d4 Qf6 42.Qc8 Kh5
43.Qc7 Qf5+ 44.Kc1 Kxh4 45.Qxa5 Qf4+ 46.Kb1 Qxd4 47.Qc7 Qd3+ 48.Kb2 Qa3+
49.Kb1 Qxf3 50.Qxh7+ Kg3 51.Qg6+ Kf2 52.Qc2+ Ke1 53.Qc7 e5 54.Qd6 Kd1 55.Qa6 Qe4+
56.Ka1 Qc4 57.Qa4+ Kc1 58.Qa3+ Kd2 59.Qb2+ Qc2  0-1

[Event "Bundesliga 2008-9"]
[Site "Bremen GER"]
[Date "2008.10.05"]
[Round "2"]
[White "Giri,A"]
[Black "Graf,F"]
[Result "1/2-1/2"]
[WhiteElo "2466"]
[BlackElo "2287"]

1.d4 e6 2.e4 d5 3.Nc3 Nf6 4.e5 Nfd7 5.f4 c5 6.Nf3 Nc6 7.Be3 a6 8.Qd2 b5 9.a3 Qa5
10.Ra2 Qb6 11.g3 f6 12.exf6 Nxf6 13.Bg2 Ra7 14.Ne2 Ne4 15.Qd1 c4 16.O-O Bd6
17.Ne5 Nxe5 18.fxe5 Bxe5 19.Nc3 Nf6 20.a4 Bb8 21.axb5 axb5 22.Rxa7 Qxa7 23.Nxb5 Qb6
24.Nc3 O-O 25.Qd2 Bd6 26.Nd1 Ng4 27.Bh3 Rxf1+ 28.Kxf1 Nxe3+ 29.Qxe3 Be7 30.c3 Bd7
31.Nf2 Bf6 32.Qe2 Qd6 33.Kg1 Kf8 34.Bg2 Be8 35.Bf3 Bg6 36.Ng4 Bf5 37.Ne5 Bxe5
38.Qxe5 Qxe5 39.dxe5 Ke7 40.Kf2 Kd7 41.Ke3 Kc6 42.Kd4 h6 43.Bh5 g6 44.Bd1 Kb5
45.h4 g5 46.hxg5 hxg5 47.Bh5 Bh3 48.Bf3 Ka4 49.Bd1+ Kb5 50.b3 cxb3 51.Bxb3 Kc6
52.Bd1 Bf5 53.Bf3 Kd7 54.Kc5 Ke7 55.Kb6 Be4 56.Bh5 Bg2 57.Be2 Be4 58.Kc5 Kd7
59.Kd4 Bf5 60.Kc5 Be4 61.Bg4 Bg6 62.c4 dxc4 63.Kxc4 Bf5 64.Bf3 Kc7 65.Kc5 Kd7
66.Be2 Ke7 67.Bb5 Bg4 68.Kd4 Kf7 69.Ke4 Ke7 70.Ke3 Kf7 71.Bd3 Ke7 72.Be4 Kf7
73.Bf3 Bf5 74.Be2 Ke7 75.Bf3 Kd7  1/2-1/2

[Event "TCh-FIN"]
[Site "Finland FIN"]
[Date "2008.10.05"]
[Round "4"]
[White "Franssila,T"]
[Black "Lehtinen,H"]
[Result "1/2-1/2"]
[WhiteElo "2258"]
[BlackElo "2381"]

1.e4 e6 2.d4 d5 3.Nc3 Nf6 4.e5 Nfd7 5.f4 c5 6.Nf3 Nc6 7.Be3 Be7 8.Qd2 O-O
9.O-O-O c4 10.f5 b5 11.f6 gxf6 12.Bh6 fxe5 13.Bxf8 Bxf8 14.dxe5 b4 15.Nxd5 c3
16.Nxc3 bxc3 17.Qxc3 Qb6 18.Bd3 Rb8 19.a3 Ndxe5 20.Nxe5 Nxe5 21.Qxe5 Bh6+
22.Kb1 Bg7 23.Qb5 Bxb2 24.Qxb6 Rxb6 25.Ka2 Bc3 26.Rb1 Rc6 27.Rb8 Kg7 28.Rf1 Rc7
29.Rf3 Bb7 30.Rg3+ Kf6 31.Bxh7 Bd5+ 32.Kb1 Rc4 33.Rd3 Kg7 34.Rh3 f5 35.Rd8 Kf6
36.Bg8 Bxg2 37.Rh6+ Ke7 38.Rd3 Bd5 39.Rhh3 Be5 40.Rxd5 exd5 41.Bxd5 Rd4 42.c4 Rd2
43.Rh7+ Kd6 44.Rxa7 Kc5 45.Rh7 Bxh2 46.Rh3 Be5 47.Rf3 f4 48.Rb3 Kd4 49.Kc1 Ra2
50.Kb1 Re2 51.Rf3 Re1+ 52.Kc2 Re2+ 53.Kb1 Re1+ 54.Kc2 Re2+ 55.Kb1  1/2-1/2

[Event "1st WMSG Rapid Ind w"]
[Site "Beijing CHN"]
[Date "2008.10.06"]
[Round "4"]
[White "Swathi,G"]
[Black "Golubenko,Valen"]
[Result "1-0"]
[WhiteElo "2320"]
[BlackElo "2273"]

1.e4 e6 2.d4 d5 3.Nc3 Nf6 4.e5 Nfd7 5.f4 c5 6.Nf3 Nc6 7.Be3 Be7 8.Qd2 O-O
9.dxc5 Bxc5 10.Bxc5 Nxc5 11.O-O-O a6 12.Qf2 Qb6 13.Rd2 Qa5 14.Kb1 Na4 15.Nxa4 Qxa4
16.c3 Qxf4 17.g3 Qa4 18.Bd3 f6 19.Bc2 Qa5 20.exf6 Rxf6 21.Qe3 Bd7 22.Ng5 g6
23.Ne4 Rf5 24.g4 Rf7 25.Ng5 Re7 26.h4 d4 27.cxd4 Nb4 28.Bb3 Nd5 29.Qe1 Rf8
30.h5 Nc3+ 31.bxc3 Qxg5 32.hxg6 hxg6 33.Rdh2 Kf7 34.Qg3 Rg8 35.Rh7+ Rg7 36.Qf2+ Qf6
37.Rxg7+ Kxg7 38.Rh7+ Kxh7 39.Qxf6  1-0

[Event "1st WMSG Rapid Ind"]
[Site "Beijing CHN"]
[Date "2008.10.06"]
[Round "4"]
[White "Socko,B"]
[Black "Drozdovskij,Y"]
[Result "0-1"]
[WhiteElo "2631"]
[BlackElo "2587"]

1.e4 e6 2.d4 d5 3.Nc3 Nf6 4.e5 Nfd7 5.f4 c5 6.Nf3 Nc6 7.Be3 a6 8.Ne2 b5 9.g3 b4
10.Bh3 Be7 11.O-O O-O 12.Qd2 a5 13.Rad1 Ba6 14.Rfe1 g6 15.g4 Bxe2 16.Qxe2 cxd4
17.Nxd4 Nxd4 18.Bxd4 Bc5 19.c3 bxc3 20.bxc3 Qh4 21.Bf1 Rab8 22.Rd3 Rb2 23.Qxb2 Qxe1
24.Qb7 Bxd4+ 25.cxd4 Nb8 26.Kg2 Qc1 27.f5 Nc6 28.Be2 Nb4 29.Rf3 Nc2 30.fxe6 Ne1+
31.Kf2 Nxf3 32.e7 Nxd4 33.exf8=R+ Kxf8 34.Qxd5 Qf4+ 35.Ke1 Nc2+  0-1

[Event "1st WMSG Blitz Pair"]
[Site "Beijing CHN"]
[Date "2008.10.08"]
[Round "7"]
[White "Socko,B"]
[Black "Pruess,D"]
[Result "1-0"]
[WhiteElo "2631"]
[BlackElo "2422"]

1.e4 e6 2.d4 d5 3.Nc3 Nf6 4.e5 Nfd7 5.Nce2 c5 6.c3 Nc6 7.f4 Be7 8.Nf3 O-O
9.g3 f6 10.Bg2 cxd4 11.cxd4 Qa5+ 12.Bd2 Qb6 13.Bc3 fxe5 14.fxe5 Kh8 15.Qd2 a5
16.Nf4 Ndb8 17.O-O Bd7 18.Kh1 Na6 19.a3 a4 20.Rf2 Nc7 21.Bh3 Na5 22.Raf1 Nc4
23.Qc1 Rac8 24.Qe1 Nb5 25.Nxd5 exd5 26.Bxd7 Rcd8 27.Bxb5 Qxb5 28.Qe2 Qd7
29.Nd2 Nxd2 30.Qxd2 Qg4 31.Rf4 Qh3 32.Qg2 Qe6 33.Qf3 Rxf4 34.Qxf4 Rf8 35.Qxf8+  1-0

[Event "1st WMSG Blitz Pair"]
[Site "Beijing CHN"]
[Date "2008.10.08"]
[Round "9"]
[White "Chen Peng An"]
[Black "Vovk,Ok"]
[Result "0-1"]
[WhiteElo "1553"]
[BlackElo "2142"]

1.e4 e6 2.d4 d5 3.Nc3 Nf6 4.e5 Nfd7 5.Nf3 c5 6.Bb5 Nc6 7.Bxc6 bxc6 8.Be3 cxd4
9.Nxd4 c5 10.Nf3 d4 11.Bg5 Qa5 12.Nxd4 cxd4 13.Qxd4 Qxe5+ 14.Qxe5 Nxe5 15.O-O Be7
16.Be3 O-O 17.Ne2 Ba6 18.Rfe1 Nc4 19.Bd4 Rfd8 20.Bc3 Rab8 21.b3 Nb6 22.Bb2 Rd2
23.Rac1 Rxe2 24.Rxe2 Bxe2 25.c4 Bc5 26.a3 a5 27.Re1 Bd3 28.Re5 Be7 29.Rxa5 Nxc4
30.b4 Nxa5 31.bxa5 Rxb2  0-1

[Event "1st WMSG Rapid Pair"]
[Site "Beijing CHN"]
[Date "2008.10.09"]
[Round "2"]
[White "Berend,E"]
[Black "Vovk,Ok"]
[Result "1-0"]
[WhiteElo "2328"]
[BlackElo "2142"]

1.e4 e6 2.d4 d5 3.Nc3 Nf6 4.e5 Nfd7 5.f4 c5 6.Nf3 Nc6 7.Be3 a6 8.Qd2 b5 9.a3 c4
10.Be2 b4 11.axb4 Bxb4 12.O-O O-O 13.Bf2 f6 14.Qe3 Qe8 15.Na4 Rb8 16.c3 Be7
17.Bd1 Nb6 18.exf6 Bxf6 19.Nc5 a5 20.Bc2 Na8 21.Ra2 Nc7 22.Re1 Rf7 23.Bg3 Re7
24.Ng5 g6 25.Nf3 Na6 26.Nxa6 Bxa6 27.Qc1 Rbb7 28.Bh4 Qf7 29.Bxf6 Qxf6 30.Qe3 Rb8
31.Ne5 Bb5 32.Ng4 Qf8 33.Rf1 Qg7 34.Ne5 Ra8 35.Rfa1 Nxe5 36.dxe5 Rea7 37.Qb6 Rb7  1-0

[Event "YUURGU-65 GM"]
[Site "Chelyabinsk RUS"]
[Date "2008.10.09"]
[Round "8"]
[White "Gabrielian,A"]
[Black "Yatsenko,A"]
[Result "1/2-1/2"]
[WhiteElo "2486"]
[BlackElo "2469"]

1.e4 e6 2.d4 d5 3.Nc3 Nf6 4.e5 Nfd7 5.f4 c5 6.Nf3 Nc6 7.Be3 a6 8.Qd2 b5 9.Be2 Bb7
10.O-O cxd4 11.Nxd4 Bc5 12.Rad1 Qb6 13.Bf3 Nxd4 14.Bxd4 Bxd4+ 15.Qxd4 Rc8
16.Rf2 O-O  1/2-1/2

[Event "1st WMSG Rapid Pair"]
[Site "Beijing CHN"]
[Date "2008.10.10"]
[Round "4"]
[White "Greet,A"]
[Black "Berend,F"]
[Result "1-0"]
[WhiteElo "2440"]
[BlackElo "2345"]

1.e4 e6 2.d4 d5 3.Nc3 Nf6 4.e5 Nfd7 5.f4 c5 6.Nf3 Nc6 7.Be3 cxd4 8.Nxd4 Bc5
9.Qd2 O-O 10.O-O-O Qe7 11.Kb1 f6 12.exf6 Nxf6 13.g3 Bd7 14.Bg2 Bb6 15.Rhe1 Na5
16.Nf5 Qb4 17.a3 Qc4 18.Bxb6 axb6 19.Ne3 Qc7 20.f5 Rad8 21.fxe6 Bxe6 22.Ncxd5 Nxd5
23.Nxd5 Bxd5 24.Bxd5+ Kh8 25.Qg5 Rd6 26.Re7 Rg6 27.Rxc7 Rxg5 28.b4 Nc6 29.Bxc6 bxc6
30.Rxc6 b5 31.Rcd6 Kg8 32.R6d5 Rff5 33.Rxf5 Rxf5 34.Kb2 Kf7 35.Rd2 h5 36.a4 bxa4
37.Ka3 h4 38.gxh4 Rf4 39.Kxa4 Rxh4 40.Ka5 Rh8 41.b5 Ra8+ 42.Kb6 Rb8+ 43.Kc6 Ke6
44.Re2+  1-0

[Event "1st WMSG Rapid Pair"]
[Site "Beijing CHN"]
[Date "2008.10.11"]
[Round "8"]
[White "Greeff,M"]
[Black "Vovk,Ok"]
[Result "1/2-1/2"]
[WhiteElo "1963"]
[BlackElo "2142"]

1.e4 e6 2.d4 d5 3.Nc3 Nf6 4.e5 Nfd7 5.f4 c5 6.Nf3 Nc6 7.Be3 a6 8.Qd2 b5 9.Be2 Qb6
10.Nd1 cxd4 11.Nxd4 Bc5 12.c3 b4 13.O-O bxc3 14.bxc3 O-O 15.Nf2 Rb8 16.Bd1 f6
17.exf6 Nxf6 18.Bc2 Na5 19.Rab1 Qa7 20.Bd3 Bd7 21.Qe2 Nc6 22.Nxc6 Bxc6 23.Bxc5 Qxc5
24.Qxe6+ Kh8 25.Qe5 Rxb1 26.Rxb1 Ng4 27.Qd4 Qxd4 28.cxd4 Nxf2 29.Kxf2 Rxf4+
30.Ke3 Rf8 31.Bxa6 Re8+ 32.Kd2 g6 33.Bb5 Bxb5 34.Rxb5 Ra8 35.Rb2 Ra3 36.Kc2 Kg7
37.Rb7+ Kf6 38.Kb2 Rd3 39.Rb4 Rd2+ 40.Kb3 Rxg2 41.a4 Rxh2 42.a5 Rh3+ 43.Ka4 Re3
44.Rb6+ Kf5 45.a6 Re8 46.Rb7 h5 47.a7 Ra8 48.Kb5 h4 49.Kb6 h3 50.Rb8 Rxa7
51.Kxa7 Kg4 52.Rd8 h2 53.Rh8 Kg3 54.Kb6 g5 55.Kc5 g4 56.Kxd5 Kg2 57.Ke5 g3
58.d5 h1=Q 59.Rxh1 Kxh1 60.d6 g2 61.d7 g1=Q 62.Ke4  1/2-1/2

[Event "FSIM October"]
[Site "Budapest HUN"]
[Date "2008.10.11"]
[Round "7"]
[White "Kislik,E"]
[Black "Li Panru"]
[Result "1-0"]
[WhiteElo "2278"]
[BlackElo "2126"]

1.e4 e6 2.d4 d5 3.Nc3 Nf6 4.e5 Nfd7 5.f4 c5 6.Nf3 Nc6 7.Be3 Be7 8.Qd2 O-O
9.Be2 f6 10.exf6 Rxf6 11.O-O a6 12.Rae1 b5 13.Kh1 Qc7 14.dxc5 Kh8 15.Ng5 Bxc5
16.Bxc5 Nxc5 17.Bd3 g6 18.Nxd5 exd5 19.Qc3 d4 20.Re8+ Kg7 21.Qxc5 h6 22.Qd5 Rf8
23.Rxf8 Kxf8 24.f5 gxf5 25.Bxf5 hxg5 26.Bxc8+ Ke8 27.Qg8+ Ke7 28.Qf8+  1-0

[Event "1st WMSG Blitz Team"]
[Site "Beijing CHN"]
[Date "2008.10.13"]
[Round "3"]
[White "Rasmussen,A"]
[Black "Batchuluun,C"]
[Result "1-0"]
[WhiteElo "2513"]
[BlackElo "2346"]

1.e4 e6 2.d4 d5 3.Nc3 Nf6 4.e5 Nfd7 5.f4 c5 6.Nf3 Nc6 7.Be3 cxd4 8.Nxd4 Bc5
9.Qd2 O-O 10.O-O-O a6 11.Nb3 b6 12.Bd3 Qe7 13.Ne2 Bb7 14.Rhf1 a5 15.Kb1 a4
16.Nbd4 Nxd4 17.Nxd4 Ba6 18.g4 Bxd4 19.Bxd4 Bxd3 20.cxd3 b5 21.f5 exf5 22.gxf5 Nxe5
23.f6 gxf6 24.Qh6 Ra6 25.Bxe5 fxe5 26.Qxa6 Kh8  1-0

[Event "1st WMSG Blitz Team"]
[Site "Beijing CHN"]
[Date "2008.10.13"]
[Round "5"]
[White "Greet,A"]
[Black "Vavrak,P"]
[Result "1-0"]
[WhiteElo "2440"]
[BlackElo "2478"]

1.e4 e6 2.d4 d5 3.Nc3 Nf6 4.e5 Nfd7 5.f4 c5 6.Nf3 a6 7.Ne2 Qb6 8.c3 Nc6 9.g3 f5
10.Rg1 Be7 11.g4 g6 12.gxf5 exf5 13.Rb1 cxd4 14.cxd4 Nf8 15.Nc3 Be6 16.Be3 Nd7
17.Kf2 Rc8 18.Bg2 Na5 19.Nd2 Rc7 20.Nxd5 Bh4+ 21.Kf1 Qb5+ 22.Qe2 Bxd5 23.Qxb5 Bxg2+
24.Rxg2 axb5 25.d5 Nc4 26.Nxc4 Rxc4 27.b3 Re4 28.Re2 Ke7 29.Rc1 Ra8 30.Rc7 b6
31.e6 Ke8 32.Rxd7 Bf6 33.Rxh7 b4 34.Bxb6 Rxf4+ 35.Kg2 Rc8 36.d6 Rg4+ 37.Kf3 Rc3+
38.Re3 Rxe3+ 39.Kxe3 Bg5+ 40.Kd3 Re4 41.d7+ Kf8 42.Bc5+ Kg8 43.e7 Bxe7 44.Rxe7 Rh4
45.d8=Q+  1-0

[Event "1st WMSG Blitz Team"]
[Site "Beijing CHN"]
[Date "2008.10.13"]
[Round "7"]
[White "Atabayev,M"]
[Black "Garma,C"]
[Result "0-1"]
[WhiteElo "2159"]
[BlackElo "2347"]

1.d4 e6 2.e4 d5 3.Nc3 Nf6 4.e5 Nfd7 5.Nf3 c5 6.dxc5 Nc6 7.Bf4 Bxc5 8.Bd3 h6
9.Bg3 a6 10.O-O O-O 11.Qd2 b5 12.a3 Bb7 13.Bf4 f5 14.exf6 Qxf6 15.Bg3 Nce5
16.Nxe5 Nxe5 17.Rae1 Nc4 18.Qc1 Rae8 19.Kh1 e5 20.f3 Nd6 21.Qd1 Bd4 22.Qd2 Nf5
23.Bxf5 Qxf5 24.f4 Bxc3 25.Qxc3 e4 26.Qd4 Rc8 27.Re2 Rc4 28.Qb6 Rf7 29.Rd1 Rd7
30.c3 Rc6 31.Qd4 Rg6 32.Re3 h5 33.Qd2 Qg4 34.Qf2 Qxd1+ 35.Re1 Qg4 36.f5 Rf6
37.h3 Qxf5 38.Qd4 Rdf7 39.Be5 Rg6 40.Bb8 Qf2 41.Qxf2 Rxf2 42.Rg1 e3 43.Ba7 d4
44.Bxd4 Bxg2+ 45.Kh2 Bf3+  0-1

[Event "1st WMSG Blitz Team w"]
[Site "Beijing CHN"]
[Date "2008.10.13"]
[Round "10"]
[White "Al Rufei,EH"]
[Black "Vovk,Ok"]
[Result "1-0"]
[WhiteElo "2140"]
[BlackElo "2142"]

1.e4 e6 2.d4 d5 3.Nc3 Nf6 4.e5 Nfd7 5.f4 c5 6.Nf3 Nc6 7.Be3 a6 8.Rb1 b5 9.dxc5 Bxc5
10.Bxc5 Nxc5 11.Nd4 Bd7 12.a3 O-O 13.Be2 f6 14.Nxc6 Bxc6 15.Qd4 Qe7 16.O-O Rab8
17.Rbe1 a5 18.exf6 Rxf6 19.b4 Nb7 20.Bxb5 axb4 21.Bxc6 bxc3 22.Bxd5 Qxa3
23.Rxe6 Rxe6 24.Bxe6+ Kf8 25.Rb1 Qe7  1-0

[Event "1st WMSG Blitz Team"]
[Site "Beijing CHN"]
[Date "2008.10.13"]
[Round "11"]
[White "Lovik,L"]
[Black "Jung Ho Jin"]
[Result "1-0"]
[WhiteElo "2167"]
[BlackElo "1851"]

1.e4 e6 2.d4 d5 3.Nc3 Nf6 4.e5 Nfd7 5.f4 c5 6.Nf3 Nc6 7.Be3 Qb6 8.Qd2 cxd4
9.Nxd4 Bc5 10.Na4 Qb4 11.Nxc5 Qxb2 12.Ncb3 Nxd4 13.Bxd4 Qa3 14.Bd3 Qe7 15.O-O g6
16.c4 dxc4 17.Bxc4 Nb6 18.Bxb6 axb6 19.Rfd1 Bd7 20.Nd4 O-O 21.Rac1 Rfd8 22.Qe3 Ba4
23.Nb3 Bxb3 24.Bxb3 b5 25.Qb6 Re8 26.Qd6 Rad8 27.Qxe7 Rxd1+ 28.Rxd1 Rxe7
29.Rd6 Rc7 30.Rb6 Rc1+ 31.Kf2 Rb1 32.Rxb5 Rb2+ 33.Kg3 Kg7 34.Rxb7 Rd2 35.Bxe6 Rd3+
36.Kf2 Rd2+ 37.Kf3 Rd3+ 38.Ke4 Rd2 39.Rxf7+ Kh8 40.g4 h6 41.f5  1-0

[Event "1st WMSG Rapid Team w"]
[Site "Beijing CHN"]
[Date "2008.10.15"]
[Round "6"]
[White "Vasilevich,I"]
[Black "Arutyunova,D"]
[Result "1-0"]
[WhiteElo "2354"]
[BlackElo "2274"]

1.e4 e6 2.d4 d5 3.Nc3 Nf6 4.e5 Nfd7 5.Nce2 c5 6.f4 Nc6 7.c3 Qb6 8.a3 a5 9.Nf3 Be7
10.f5 cxd4 11.cxd4 Nd8 12.Nc3 O-O 13.Bd3 f6 14.fxe6 Qxe6 15.Qe2 Nb6 16.Nb5 Qd7
17.O-O f5 18.Bd2 Ne6 19.Rac1 Qd8 20.Qe1 Nd7 21.Bb1 b6 22.Ba2 Bb7 23.Nd6 Bxd6
24.exd6 Re8 25.Qg3 Nf6 26.Bg5 Ne4 27.Bxd8 Nxg3 28.Bxb6 Ne2+ 29.Kf2 N6f4 30.Rcd1 Re6
31.Ne5 Rxd6 32.Bc5 Rh6 33.Rh1 Ba6 34.g3 Nh3+ 35.Kg2 Rd8 36.Be7  1-0

[Event "1st WMSG Rapid Team w"]
[Site "Beijing CHN"]
[Date "2008.10.16"]
[Round "7"]
[White "Johnsen,Sy"]
[Black "Vovk,Ok"]
[Result "1-0"]
[WhiteElo "2040"]
[BlackElo "2142"]

1.e4 e6 2.d4 d5 3.Nc3 Nf6 4.e5 Nfd7 5.Qg4 f5 6.exf6 Nxf6 7.Qg3 a6 8.Bd3 c5
9.dxc5 Nc6 10.Nf3 Bxc5 11.Qxg7 Rg8 12.Qh6 Rxg2 13.Bg5 Bxf2+ 14.Kf1 Rxg5 15.Qxg5 Bc5
16.Re1 Qe7 17.Re2 Bd7 18.Bxh7 Nxh7 19.Qg8+ Qf8 20.Qxf8+ Nxf8 21.Nxd5 O-O-O
22.Nf6 Nd4 23.Nxd4 Bxd4 24.Nxd7 Rxd7 25.c3 Bf6 26.h4 Rh7 27.h5 Rh6 28.Rf2 Kd7
29.Rh3 Kd6 30.Rhf3 Nh7 31.Rd2+ Ke7 32.Rfd3 Rxh5 33.Rd7+ Ke8 34.Rxb7 Rh1+
35.Ke2 Rh2+ 36.Kd3 Rh3+ 37.Kc2 Ng5 38.Rf2 Ne4 39.Re2 Nc5 40.Ra7 Be7 41.b4 Na4
42.Rxa6 Nxc3 43.Rexe6 Nd5 44.Ra4 Rc3+ 45.Kd2 Rc4 46.Ra8+ Kd7 47.Re5 Rd4+
48.Kc1 Rc4+ 49.Kd1 Rd4+ 50.Ke1 Bxb4+ 51.Kf2 Rf4+ 52.Kg3 Rd4 53.Ra7+ Kd6 54.Rh5 Be1+
55.Kf3 Rd3+ 56.Ke2 Re3+ 57.Kf1 Bg3 58.Ra6+ Kc5 59.Ra5+ Kb4 60.Rhxd5 Rf3+
61.Kg2 Rc3 62.Rab5+ Ka3 63.Ra5+ Kb2 64.Rdb5+ Ka1 65.a4 Bc7 66.Ra8 Rg3+ 67.Kf2 Ra3
68.a5 Ra2+ 69.Kf3 Ra4 70.a6 Rf4+ 71.Ke3  1-0

[Event "1st WMSG Rapid Team w"]
[Site "Beijing CHN"]
[Date "2008.10.16"]
[Round "8"]
[White "Schink,B"]
[Black "Andersson,C"]
[Result "0-1"]
[WhiteElo "2031"]
[BlackElo "2132"]

1.e4 e6 2.d4 d5 3.Nc3 Nf6 4.e5 Nfd7 5.f4 c5 6.Nf3 f6 7.Bb5 Nc6 8.Bxc6 bxc6
9.O-O Be7 10.exf6 Nxf6 11.Kh1 O-O 12.Be3 cxd4 13.Bxd4 c5 14.Bg1 Bd6 15.Nb5 Ba6
16.Nxd6 Qxd6 17.Re1 Rad8 18.Qd2 Rfe8 19.Ne5 Ne4 20.Qe3 Bb7 21.Rad1 d4 22.Qb3 Rb8
23.Qd3 Qd5 24.Nf3 Rbd8 25.Qa3 Qh5 26.Nd2 d3 27.Nf1 dxc2 28.Rc1 Rd1 29.Qb3 Rxc1
30.Rxc1 Ba6 31.Qxc2 Qg6 32.Nd2 Bd3 33.Qd1 Rf8 34.Qf3 Nxd2  0-1